Asociación entre nomofobia e indicadores de inteligencia en estudiantes de educación superior (Record no. 205295)

MARC details
000 -CABECERA
campo de control de longitud fija 02614cab a2200337 ab4500
005 - FECHA Y HORA DE LA ÚLTIMA TRANSACCIÓN
campo de control 20250523113300.0
008 - ELEMENTOS DE LONGITUD FIJA--INFORMACIÓN GENERAL
campo de control de longitud fija 991125c2018 mx fr p o 000 0 spa d
035 ## - NÚMERO DE CONTROL DEL SISTEMA
Número de control de sistema UPN01000233200
040 ## - FUENTE DE LA CATALOGACIÓN
Centro catalogador/agencia de origen MX-MxUPN
Lengua de catalogación spa
Centro/agencia transcriptor MX-MxUPN
Normas de descripción aacr2
049 ## - COLECCIÓN
Colección ART-E
100 1# - ASIENTO PRINCIPAL--NOMBRE PERSONAL
Nombre de persona Torres Salazar, Quitzia
Enlace - quitzia.torres@gmail.com
100 1# - ASIENTO PRINCIPAL--NOMBRE PERSONAL
Nombre de persona Ramírez Gurrola, Alberto
100 1# - ASIENTO PRINCIPAL--NOMBRE PERSONAL
Nombre de persona Castañon Alvarado, Michelle
100 1# - ASIENTO PRINCIPAL--NOMBRE PERSONAL
Nombre de persona Acroña Campos, Acis
100 1# - ASIENTO PRINCIPAL--NOMBRE PERSONAL
Nombre de persona Betancourt Araujo, Arely
100 1# - ASIENTO PRINCIPAL--NOMBRE PERSONAL
Nombre de persona Carrillo Cisneros, María Fernanda
245 10 - MENCIÓN DE TÍTULO
Título Asociación entre nomofobia e indicadores de inteligencia en estudiantes de educación superior
506 0# - NOTA DE RESTRICCIONES AL ACCESO
Limitaciones de acceso Acceso abierto
520 3# - NOTA DE RESUMEN, ETC.
Sumario, etc. Introducción: el uso indiscriminado de los teléfonos móviles puede estar asociado a eventos de igual forma negativos como insomnio, depresión, estrés o tendinitis crónica. La identificación de factores emocionales de riesgo para el desarrollo de nomofobia es importante para poder priorizar estrategias de intervención preventiva en adolescentes, quienes dicho sea de paso se unen cada vez más al grupo de personas adictas al celular o como se define en este estudio, con nomofobia. Objetivo: determinar si existe relación entre la presencia de nomofobia e indicadores de inteligencia entre ellos: a) Inteligencia cognitiva medida a través del IQ; b) Resiliencia; y c) Autoestima. Método: diseño observacional, analítico, transversal, prospectivo, de Casos y Controles pareados por edad y sexo. La muestra se integró por 70 casos y 70 controles, con una edad promedio de 22 (DE = 1.5 años); 60% hombres y 40% mujeres. Resultados: se encontró que en el grupo de personas con IQ promedio o por debajo del promedio es 27 veces más probable el desarrollo de nomofobia, comparado con el grupo de no nomofóbicos. Al realizar este ejercicio con la baja autoestima, se identificó un OR de 58, y con resiliencia promedio o baja, el OR es de 2.2 (ambos con IC 95% estadísticamente significativos). Conclusión: existe asociación entre la presencia de nomofobia e indicadores de inteligencia cognitiva y emocional. RIIA
653 0# - TERMINO DE INDIZACION - NO CONTROLADO
Término no controlado Nomofobia
653 0# - TERMINO DE INDIZACION - NO CONTROLADO
Término no controlado Tecnopatías
653 0# - TERMINO DE INDIZACION - NO CONTROLADO
Término no controlado Enfermedades mentales
653 0# - TERMINO DE INDIZACION - NO CONTROLADO
Término no controlado Inteligencia
653 0# - TERMINO DE INDIZACION - NO CONTROLADO
Término no controlado Adicciones tecnológicas
773 ## - ENLACE AL DOCUMENTO FUENTE/ENTRADA DE REGISTRO ANFITRIÓN
Parte(s) relacionada(s) Vol. 4, no. 2, (2018), p. 19-24
Título Revista internacional de investigación en adicciones
Número Internacional Normalizado para Publicaciones Seriadas 2448-6396
856 4# - LOCALIZACIÓN Y ACCESO ELECTRÓNICOS
Identificador Uniforme del Recurso <a href="http://riiad.org/index.php/riiad/article/view/riiad.2018.2.03/241">http://riiad.org/index.php/riiad/article/view/riiad.2018.2.03/241</a>
856 4# - LOCALIZACIÓN Y ACCESO ELECTRÓNICOS
Identificador Uniforme del Recurso <a href="https://doi.org/10.28931/riiad.2018.2.03">https://doi.org/10.28931/riiad.2018.2.03</a>
902 ## - ELEMENTOS DE DATOS B LOCAL, LDB (RLIN)
Creó Leonor Sotres/230525
905 ## - TIPO DE MATERIAL
Tipo de material Articulo
942 ## - ELEMENTOS DE PUNTO DE ACCESO ADICIONAL (KOHA)
Tipo de ítem Koha Artículo Electrónico
Holdings
Estado de retiro Estado de pérdida Estado dañado No para préstamo Código de colección Localización permanente Ubicación/localización actual Ubicación en estantería Fecha de adquisición Total de préstamos Fecha visto por última vez Identificador Uniforme del Recurso Precio válido a partir de Tipo de ítem Koha
        Acceso abierto Bib. Gregorio Torres Quintero Bib. Gregorio Torres Quintero En línea 23/05/2025   23/05/2025 https://riiad.org/index.php/riiad/issue/view/18 23/05/2025 Artículo Electrónico